banner koha

Manual do cooperado: o que é cooperativismo? (Registro n. 9924)

MARC details
000 -LÍDER
Campo de controle fixo 00793nam a22002777a 4500
001 - NÚMERO DE CONTROLE
Número de controle BR2023001020
003 - CÓDIGO MARC DA AGÊNCIA CATALOGADORA
Campo de controle BR-BrBNA
005 - DATA E HORA DA ÚLTIMA ATUALIZAÇÃO
Campo de controle 20230830163530.0
008 - CAMPO DE TAMANHO FIXO
Campo fixo de controle 230830b bl.||||| |||| 00| 0 por d
040 ## - FONTE DA CATALOGAÇÃO
Agência catalogadora BR-BrBNA
Idioma da catalogação por
Agência que transcreveu Biblioteca Nacional de Agricultura
041 ## - CÓDIGO DO IDIOMA
Código do Idioma por
072 ## - CATEGORIA AGRIS
Código da categoria de assunto E40 ; B50
090 ## - NÚMERO DE CHAMADA
Número de Chamada E40 BR2023001020
100 ## - ENTRADA PRINCIPAL - NOME PESSOAL
Nome pessoal Santos, Ana Claudina Melo dos
110 ## - ENTRADA PRINCIPAL - ENTIDADE
Nome da entidade ou lugar Central de Cooperativas de Crédito do Pará Ltda., Belém (Brazil)
245 ## - TÍTULO PRINCIPAL
Título principal Manual do cooperado: o que é cooperativismo?
260 ## - IMPRENTA (PUBLICAÇÃO, DISTRIBUIÇÃO, ETC.)
Lugar de publicação, distribuição, etc. Belém, PA (Brazil)
Data de publicação, distribuição, etc 2000
300 ## - DESCRIÇÃO FÍSICA
Extensão 78 p.
500 ## - NOTA GERAL
Notas gerais 43 illus.; 1 table
650 ## - ASSUNTO - THESAGRO
Cabeçalho tópico ou nome geográfico COOPERATIVISMO
650 ## - ASSUNTO - THESAGRO
Cabeçalho tópico ou nome geográfico COOPERATIVA DE CRÉDITO
650 ## - ASSUNTO - THESAGRO
Cabeçalho tópico ou nome geográfico HISTÓRIA
650 ## - ASSUNTO - THESAGRO
Cabeçalho tópico ou nome geográfico BIOGRAFIA
909 ## - IDENTIFICAÇÃO DO CATALOGADOR
Ano e mês da catalogação (aaaamm) 202308
Identificação do catalogador Fernando
942 ## - TIPO ESPECÍFICO
Tipo de material Livros
952 ## - LOCATION AND ITEM INFORMATION (KOHA)
-- 2023-08-30
Exemplares
Status de empréstimo Fonte de classificação Status de danificação Não pode ser emprestado Código da coleção Localização permanente Localização atual Localização na estante Total Checkouts Número de chamada Código de barras Tipo de material
  Classificação AGRIS     Agrobase Biblioteca Nacional de Agricultura - Binagri Biblioteca Nacional de Agricultura - Binagri Agrobase - Acervo Geral   E40 BR2023001020 2023-436284 Livros

BINAGRI

Telefone: (61)3218-2567/2388/3357/2097 - binagri@agro.gov.br

Ministério da Agricultura e Pecuária , Esplanada dos Ministérios, Bloco D, Anexo B, Brasília/DF, CEP: 70.043-900